|
|
|
|
| LEADER |
00000nas a2200000 a 4500 |
| 005 |
20111003141419.0 |
| 007 |
cr ||||||||||| |
| 008 |
110228c20009999xxc|| ||s ||| 0 ||eng|c |
| 035 |
|
|
|a 4017
|
| 040 |
|
|
|d vLex
|
| 090 |
|
|
|c 2596
|d 2596
|
| 245 |
0 |
4 |
|a The Estey Centre Journal of international law and trade policy
|h [Recurso electrn̤ico]
|
| 256 |
|
|
|a Servicio en ln̕ea.
|
| 260 |
|
|
|a Saskatoon :
|b Estey Centre for Law and Economics in International Trade,
|c 2000-
|
| 300 |
|
|
|a 1 recurso electrn̤ico
|
| 310 |
|
|
|a 2 nm︢eros al aǫ
|
| 362 |
0 |
|
|a Vol. 1, no. 1 (Spring 2000)-
|
| 500 |
|
|
|a Descripcin̤ realizada a partir de: Vol. 11, no. 2 (July 2010).
|
| 506 |
1 |
|
|a Contenido solo disponible en los productos indicados
|d vLex Global
|d vLex Global (Academic Edition, excluding Law Schools)
|d vLex Global (U.S. Academic Edition, excluding Law Schools)
|
| 650 |
|
7 |
|a Comercio internacional
|x Revistas
|
| 710 |
2 |
|
|a Estey Centre for Law and Economics in International Trade
|
| 740 |
0 |
|
|a vLex Libros (Servicio en ln̕ea)
|
| 856 |
|
|
|z Acceso restringido
|u http://vlex.com/source/estey-centre-journal-international-law-trade-policy-4017
|
| 942 |
|
|
|c BOOK
|